Grateful Dead Albums - Statistics

General Stats
  • This quiz has been taken 455 times
  • The average score is 12 of 22
Answer Stats
Hint Answer % Correct
1970 American Beauty
92%
1970 Workingman's Dead
89%
1971 Grateful Dead (Skull & Roses)
78%
1977 Terrapin Station
70%
1978 Shakedown Street
66%
1969 Live/Dead
65%
1969 Aoxomoxoa
64%
1972 Europe '72
64%
1975 Blues for Allah
63%
1974 From the Mars Hotel
62%
1987 In The Dark
62%
1980 Go to Heaven
58%
1973 Wake of the Flood
57%
1967 The Grateful Dead
54%
1968 Anthem of the Sun
53%
1989 Built to Last
44%
1981 Reckoning
38%
1990 Without a Net
38%
1981 Dead Set
34%
1976 Steal Your Face
28%
1973 History of the Grateful Dead, Volume One (Bears Choice)
27%
1989 Dylan & the Dead
24%
No matching quizzes found
Score Distribution
Percent of People with Each Score
Percentile by Number Answered
Your Score History
You have not taken this quiz